[Event "TCh-FRA Nat1 Final"]
[Site "Belfort FRA"]
[Date "2004.05.09"]
[Round "9"]
[White "Nijboer,F"]
[Black "Kasimdzhanov,R"]
[Result "1/2-1/2"]
[WhiteElo "2578"]
[BlackElo "2652"]
[EventDate "2004.05.01"]

1. e4 e5 2. Nf3 Nc6 3. Bb5 a6 4. Ba4 Nf6 5. O-O Be7 6. Re1 b5 7. Bb3 O-O 8.
h3 Bb7 9. d3 d6 10. a3 Na5 11. Ba2 c5 12. Nc3 Nc6 13. Nd5 Nxd5 14. Bxd5 Qc7
15. c3 Nb8 16. d4 Bxd5 17. exd5 Nd7 18. dxe5 dxe5 19. b3 c4 20. bxc4 Qxc4
21. Nxe5 Nxe5 22. Rxe5 Qxc3 23. Bb2 Qxb2 24. Rxe7 Rad8 25. Re2 Qf6 26. Rd2
Rd6 27. Rc1 Rfd8 28. Rc6 g6 29. Rxd6 Qxd6 30. Rd3 a5 1/2-1/2

[Event "TCh-FRA Nat1 Final"]
[Site "Belfort FRA"]
[Date "2004.05.09"]
[Round "9"]
[White "Lutz,C"]
[Black "Bischoff,K"]
[Result "1/2-1/2"]
[WhiteElo "2597"]
[BlackElo "2555"]
[EventDate "2004.05.01"]

1. e4 c5 2. Nf3 d6 3. d4 Nf6 4. Nc3 cxd4 5. Nxd4 a6 6. Be3 e5 7. Nb3 Be6 8.
f4 Be7 9. Qd2 h5 10. O-O-O Nbd7 11. Kb1 Rc8 12. g3 Qc7 13. h3 b5 14. Bd3 b4
15. Ne2 a5 16. g4 a4 17. Nbc1 d5 18. g5 dxe4 19. fxe5 Nh7 20. Ng3 O-O 21.
Nxh5 1/2-1/2

[Event "TCh-FRA Nat1 Final"]
[Site "Belfort FRA"]
[Date "2004.05.09"]
[Round "9"]
[White "Nezar,M"]
[Black "Glek,I"]
[Result "0-1"]
[WhiteElo "2396"]
[BlackElo "2571"]
[EventDate "2004.05.01"]

1. d4 Nf6 2. c4 c5 3. Nf3 cxd4 4. Nxd4 e5 5. Nc2 d5 6. cxd5 Qxd5 7. Qxd5
Nxd5 8. e4 Nb4 9. Bb5+ Bd7 10. Bxd7+ Nxd7 11. Nxb4 Bxb4+ 12. Bd2 Rc8 13.
O-O Bxd2 14. Nxd2 Ke7 15. Rfc1 Nc5 16. f3 Nd3 17. Rc3 Rxc3 18. bxc3 Rc8 19.
Rb1 b6 20. c4 Rc5 21. Rb3 Nc1 22. Ra3 Ra5 23. Rxa5 bxa5 24. c5 Nxa2 25. Nc4
a4 26. Kf2 Nb4 27. Ke2 f6 28. Kd2 Kd7 29. Nd6 a3 30. Kc1 Nd3+ 31. Kb1 Nxc5
32. Nf5 Ne6 33. Ka2 Kc6 34. Kxa3 Kb5 35. h4 Kc4 36. h5 h6 37. Ka4 Kd3 38.
Ka5 Ke2 39. Ka6 Kf2 40. Nh4 Kg3 0-1

[Event "TCh-FRA Nat1 Final"]
[Site "Belfort FRA"]
[Date "2004.05.09"]
[Round "9"]
[White "Wirig,A"]
[Black "Philippe,C"]
[Result "1-0"]
[WhiteElo "2422"]
[BlackElo "2352"]
[EventDate "2004.05.01"]

1. d4 c5 2. e3 Nf6 3. Nf3 e6 4. Bd3 b6 5. Nbd2 Bb7 6. O-O Be7 7. b3 O-O 8.
Bb2 Nc6 9. a3 cxd4 10. exd4 Nd5 11. Re1 f5 12. c4 Nf4 13. Bf1 Bf6 14. g3
Ng6 15. Bg2 Qc7 16. Qc2 Rac8 17. d5 exd5 18. Bxf6 Rxf6 19. cxd5 Nce7 20.
Qxc7 Rxc7 21. Nd4 Bxd5 22. Bxd5+ Nxd5 23. Re8+ Kf7 24. Ra8 Ne5 25. f4 Nd3
26. Nc4 Nc3 27. Rf1 Rc5 28. Rf3 Rd5 29. Rxd3 b5 30. Ne5+ 1-0

[Event "TCh-FRA Nat1 Final"]
[Site "Belfort FRA"]
[Date "2004.05.09"]
[Round "9"]
[White "Gouliev,N"]
[Black "Kouatly,B"]
[Result "1-0"]
[WhiteElo "2449"]
[BlackElo "2473"]
[EventDate "2004.05.01"]

1. e4 c5 2. Nf3 e6 3. d4 cxd4 4. Nxd4 Nf6 5. Nc3 Nc6 6. Ndb5 d6 7. Bf4 e5
8. Bg5 a6 9. Na3 b5 10. Bxf6 gxf6 11. Nd5 Bg7 12. c3 Ne7 13. Nc2 f5 14.
Nxe7 Qxe7 15. exf5 d5 16. Qxd5 Bb7 17. Qd1 Rd8 18. Qh5 Bf6 19. Ne3 Bg5 20.
Be2 Bxe3 21. fxe3 Bxg2 22. Rg1 Bc6 23. f6 Qxf6 24. Rf1 Qg7 25. Rxf7 Qxf7
26. Qxe5+ Kf8 27. Qxh8+ Ke7 28. Qe5+ Qe6 29. Qg7+ Qf7 30. Qg5+ Qf6 31.
Qxf6+ Kxf6 32. Rd1 Rc8 33. Rd6+ Ke5 34. Rh6 Ke4 35. Bg4 Rc7 36. Ke2 Ke5 37.
Re6+ Kd5 38. b4 a5 39. Kd3 axb4 40. cxb4 1-0

[Event "TCh-FRA Nat1 Final"]
[Site "Belfort FRA"]
[Date "2004.05.09"]
[Round "9"]
[White "Templier,N"]
[Black "Paci,C"]
[Result "1-0"]
[WhiteElo "2281"]
[BlackElo "2209"]
[EventDate "2004.05.01"]

1. d4 d5 2. c4 e6 3. Nc3 Be7 4. Nf3 Nf6 5. Bg5 O-O 6. e3 h6 7. Bh4 b6 8.
Be2 Bb7 9. Bxf6 Bxf6 10. cxd5 exd5 11. b4 c6 12. O-O a5 13. a3 Nd7 14. Qb3
Re8 15. Rab1 axb4 16. axb4 Nf8 17. Rfd1 Ne6 18. Bf1 Ra7 19. g3 Qa8 20. Qc2
Rc8 21. Qf5 Ra3 22. Rdc1 Rd8 23. Bd3 Nf8 24. Ne5 Bc8 25. Qh5 Be6 26. Bf1 g6
27. Qxh6 Bf5 28. e4 dxe4 29. Bc4 Bxe5 30. dxe5 e3 31. Qxe3 Bxb1 32. Rxb1
Ra1 33. Rxa1 Qxa1+ 34. Kg2 b5 35. Ba2 Ra8 36. e6 fxe6 37. Bxe6+ Kh7 38. Bb3
Qa7 39. Qe5 Qg7 40. Qe3 Rd8 41. Ne4 Rd4 42. Ng5+ Kh8 43. Nf7+ Kh7 44. Ng5+
Kh8 45. Qe8 Rd3 46. Bf7 Rd7 47. h4 Ra7 48. Bxg6 Qe7 49. Qxc6 Nxg6 50. Qxg6
Qb7+ 51. f3 Ra2+ 52. Kh3 Qd7+ 53. Ne6 Rh2+ 54. Kg4 Re2 55. Qh6+ Kg8 56.
Qf8+ Kh7 57. Qf5+ Kg8 58. Nf4 Qg7+ 59. Kh3 Rb2 60. Qxb5 1-0

[Event "TCh-FRA Nat1 Final"]
[Site "Belfort FRA"]
[Date "2004.05.09"]
[Round "9"]
[White "Spielmann,Al"]
[Black "Bijaoui,M"]
[Result "1/2-1/2"]
[WhiteElo "2275"]
[BlackElo "2324"]
[EventDate "2004.05.01"]

1. Nf3 Nf6 2. c4 g6 3. Nc3 Bg7 4. e4 d6 5. d4 O-O 6. Be2 e5 7. O-O Nc6 8.
d5 Ne7 9. b4 a5 10. Ba3 axb4 11. Bxb4 Nh5 12. c5 Nf4 13. cxd6 cxd6 14. Nb5
Ra6 15. Nd2 f5 16. Nc4 fxe4 17. Ncxd6 Nexd5 18. Nxc8 Nxb4 19. Bc4+ Kh8 20.
Ncd6 Qe7 21. Nxe4 Rc6 22. Nbd6 Rf6 23. Qb3 Rfxd6 24. Qxb4 Rd7 25. Qxe7 Rxe7
26. Bb5 Rc2 27. g3 Ne6 28. Bd3 Rc8 29. Rfc1 Rd8 30. Bc4 Nd4 31. Kf1 Bh6 32.
Rd1 Rc7 33. Bd3 Kg7 34. h4 Rd5 35. Rab1 Ra5 36. Rb2 Bc1 37. Rb1 Bh6 38. Rb2
Bc1 39. Rb1 1/2-1/2

[Event "TCh-FRA Nat1 Final"]
[Site "Belfort FRA"]
[Date "2004.05.09"]
[Round "9"]
[White "Klipper,R"]
[Black "Franc,N"]
[Result "1-0"]
[WhiteElo "2067"]
[BlackElo "2086"]
[EventDate "2004.05.01"]

1. d4 d5 2. Nf3 Nf6 3. c3 Bf5 4. Bf4 e6 5. e3 Bd6 6. Bxd6 Qxd6 7. Qb3 Nbd7
8. Nbd2 O-O 9. Be2 h6 10. O-O Ne4 11. c4 Ndf6 12. Nxe4 Nxe4 13. Rfc1 c6 14.
cxd5 cxd5 15. Ne5 Qe7 16. Nd3 Rfc8 17. Qb5 b6 18. Nb4 Qh4 19. g3 Qh3 20.
Nc6 Kh7 21. Ne7 Rxc1+ 22. Rxc1 Nd2 23. Nxf5 Qxf5 24. Qd3 Ne4 25. f3 Nd6 26.
Rc6 Qxd3 27. Bxd3+ Nf5 28. g4 g6 29. gxf5 gxf5 30. Rc7 Kg6 31. Kf2 Kf6 32.
Ba6 Kg6 33. Rc8 Rxc8 34. Bxc8 Kg5 35. Kg3 Kg6 36. h3 Kg5 37. h4+ Kg6 38.
Bd7 Kf6 39. Kf4 Ke7 40. Bb5 Kd6 41. Bd3 h5 42. Bxf5 1-0

[Event "TCh-FRA Nat1 Final"]
[Site "Belfort FRA"]
[Date "2004.05.09"]
[Round "9"]
[White "Izoria,Z"]
[Black "Kallai,G"]
[Result "1-0"]
[WhiteElo "2573"]
[BlackElo "2497"]
[EventDate "2004.05.01"]

1. c4 c6 2. Nf3 d5 3. e3 Nf6 4. d4 a6 5. Bd3 dxc4 6. Bxc4 e6 7. O-O c5 8.
Bb3 Nc6 9. Nc3 Be7 10. Qe2 cxd4 11. Rd1 e5 12. exd4 exd4 13. Be3 Bg4 14.
Ba4 O-O 15. Bxc6 bxc6 16. Bxd4 Qc7 17. h3 Bh5 18. Re1 Rfe8 19. Bxf6 Bxf3
20. Qe3 gxf6 21. Qxf3 Rad8 22. Re4 Qd7 23. Rd1 Qc8 24. Rde1 Bf8 25. Rg4+
Bg7 26. Ne4 Kh8 27. Rxg7 Kxg7 28. Qxf6+ Kg8 29. Qh6 Rxe4 30. Rxe4 Rd1+ 31.
Kh2 1-0

[Event "TCh-FRA Nat1 Final"]
[Site "Belfort FRA"]
[Date "2004.05.09"]
[Round "9"]
[White "Varga,P"]
[Black "Guidarelli,L"]
[Result "0-1"]
[WhiteElo "2468"]
[BlackElo "2444"]
[EventDate "2004.05.01"]

1. d4 d5 2. c4 c6 3. e3 Nf6 4. Bd3 e5 5. cxd5 exd4 6. dxc6 Bb4+ 7. Kf1 Nxc6
8. e4 Bg4 9. f3 Be6 10. Ne2 Qa5 11. Na3 O-O 12. Nc2 Rfd8 13. Nxb4 Qxb4 14.
b3 Nd7 15. Bd2 Qb6 16. Nf4 Nce5 17. Nxe6 fxe6 18. Bf4 Rac8 19. Qe2 Rc3 20.
Rd1 Rf8 21. Bg3 Qc5 22. Bf2 Nxd3 23. Rxd3 Rxd3 24. Qxd3 Qc1+ 25. Be1 e5 26.
Qd2 Qb1 27. Kf2 Qxe4 28. Rf1 Qg6 29. Kg1 Rc8 30. Bg3 Rc2 31. Qa5 Qc6 32.
Bxe5 b6 33. Qe1 d3 34. Bd4 Nf8 35. Qe5 Qg6 36. Bf2 Qe6 37. Qxe6+ Nxe6 38.
Rd1 Nf4 39. Be3 Nxg2 40. Rxd3 Nxe3 41. Rxe3 Rxa2 42. Re7 a6 43. Ra7 h5 44.
h4 b5 45. Kf1 Kh7 46. Kg1 Kg6 47. Rb7 Kf6 48. Rb6+ Kf5 49. Rb7 g6 50. Rf7+
Ke5 51. Rg7 Kf4 52. Rxg6 Kxf3 53. Rg5 Rb2 54. Rxh5 Rxb3 55. Rh6 a5 56. h5
a4 57. Ra6 Ke4 58. Kg2 Kd4 59. h6 Re3 60. h7 Re8 61. Rh6 Rh8 62. Kf2 b4 63.
Ke2 Kc3 64. Kd1 Kb2 65. Rh2+ Kb1 66. Rh4 b3 67. Kd2 a3 68. Kc3 Ka2 69. Rh2+
b2 70. Kb4 Rxh7 0-1

[Event "TCh-FRA Nat1 Final"]
[Site "Belfort FRA"]
[Date "2004.05.09"]
[Round "9"]
[White "Simonet,M"]
[Black "Roos,D"]
[Result "1/2-1/2"]
[WhiteElo "2297"]
[BlackElo "2411"]
[EventDate "2004.05.01"]

1. d4 Nf6 2. c4 g6 3. Nc3 d5 4. Bf4 Bg7 5. e3 c6 6. Nf3 O-O 7. cxd5 Nxd5 8.
Be5 Bh6 9. Bc4 Nxc3 10. bxc3 Nd7 11. Bg3 b5 12. Bb3 Bb7 13. h4 c5 14. h5 g5
15. Qe2 Qa5 16. O-O Nf6 17. dxc5 Rac8 18. Ne5 Rxc5 19. f4 gxf4 20. exf4
Qxc3 21. Bh4 Bxf4 22. Nd3 Re5 23. Nxe5 Bxe5 24. Rae1 Bd6 25. Rxf6 exf6 26.
Qg4+ Kh8 27. h6 f5 28. Qxf5 Qc5+ 29. Qxc5 Bxc5+ 30. Kf1 Kg8 31. Re5 Rc8 32.
Bf6 Rc6 33. Rg5+ Kf8 34. Bb2 Be7 35. Rg7 Rxh6 36. Rxf7+ Ke8 37. Ba3 b4 38.
Bb2 Rh1+ 39. Kf2 Rb1 40. Bd4 h5 41. Rh7 h4 42. Be6 Ba6 43. Rh8+ Bf8 44. Bd5
Kd7 45. Rh7+ Kd6 46. Bb3 Rf1+ 47. Ke3 Re1+ 48. Kf3 Re7 49. Rxh4 Bg7 50. Be3
Bb7+ 51. Kf2 a5 52. Rh5 Be5 53. Rh6+ Kd7 54. g4 Bc6 55. Bc4 Bd6 56. Bb6 a4
57. Bd3 Be4 58. Bb5+ Bc6 59. Bd3 Be4 60. Bc4 b3 61. axb3 a3 62. b4 Bxb4 63.
Bb5+ Kc8 64. Ba6+ Kd7 65. Bb5+ Kc8 66. Ba6+ 1/2-1/2

[Event "TCh-FRA Nat1 Final"]
[Site "Belfort FRA"]
[Date "2004.05.09"]
[Round "9"]
[White "Herbrechtsmeier,C"]
[Black "Guadalpi,D"]
[Result "1/2-1/2"]
[WhiteElo "2292"]
[BlackElo "2274"]
[EventDate "2004.05.01"]

1. e4 c5 2. Nf3 d6 3. d4 cxd4 4. Nxd4 Nf6 5. Nc3 a6 6. Bg5 e6 7. f4 Qb6 8.
Qd2 Nc6 9. O-O-O Qxd4 10. Qxd4 Nxd4 11. Rxd4 h6 12. Bh4 Bd7 13. Be2 Bc6 14.
Bf3 Rg8 15. Bg3 g5 16. fxg5 hxg5 17. e5 Bxf3 18. gxf3 dxe5 19. Bxe5 Be7 20.
Rc4 Rd8 21. Rc7 Rd7 22. Rc8+ Rd8 23. Rc7 Rd7 24. Rc8+ Rd8 1/2-1/2

[Event "TCh-FRA Nat1 Final"]
[Site "Belfort FRA"]
[Date "2004.05.09"]
[Round "9"]
[White "Sakelsek,T"]
[Black "Aguettaz,M"]
[Result "1/2-1/2"]
[WhiteElo "2374"]
[BlackElo "2349"]
[EventDate "2004.05.01"]

1. e4 c5 2. Nf3 Nc6 3. d4 cxd4 4. Nxd4 Nf6 5. Nc3 e5 6. Ndb5 d6 7. Nd5 Nxd5
8. exd5 Nb8 9. a4 Be7 10. Be3 a6 11. Na3 f5 12. Nc4 Nd7 13. f3 O-O 14. Qd2
b6 15. a5 b5 16. Nb6 Rb8 17. c4 Bh4+ 18. g3 f4 19. Bf2 e4 20. fxe4 Ne5 21.
O-O-O Bg5 22. gxf4 Bxf4 23. Be3 Bxe3 24. Qxe3 Bg4 25. Be2 Bxe2 26. Qxe2
bxc4 27. Rhf1 Qc7 28. Qe3 Qe7 29. Kc2 h6 30. Qh3 Kh8 31. Qe3 Kg8 32. Qh3
Kh8 33. Qe3 Kg8 1/2-1/2

[Event "TCh-FRA Nat1 Final"]
[Site "Belfort FRA"]
[Date "2004.05.09"]
[Round "9"]
[White "Roos,Louis"]
[Black "Kovarcik,T"]
[Result "1-0"]
[WhiteElo "2351"]
[BlackElo "2229"]
[EventDate "2004.05.01"]

1. c4 c6 2. Nf3 d5 3. d4 Nf6 4. cxd5 cxd5 5. Nc3 Nc6 6. Bf4 a6 7. e3 Bg4 8.
Bd3 e6 9. Qb3 Bxf3 10. gxf3 Qd7 11. Na4 Na5 12. Qd1 Bb4+ 13. Ke2 Rd8 14.
Rc1 Nc6 15. Qb3 b5 16. Nc5 Bxc5 17. Rxc5 Qb7 18. Rhc1 Rc8 19. Qc2 Kd7 20.
a4 b4 21. h3 Ng8 22. Rxd5+ 1-0

[Event "TCh-FRA Nat1 Final"]
[Site "Belfort FRA"]
[Date "2004.05.09"]
[Round "9"]
[White "Kovarcik,Gu"]
[Black "Roos,J"]
[Result "0-1"]
[WhiteElo "2192"]
[BlackElo "2321"]
[EventDate "2004.05.01"]

1. e4 c5 2. Nc3 Nc6 3. f4 g6 4. Nf3 Bg7 5. Bb5 Nd4 6. O-O Nxb5 7. Nxb5 d6
8. d3 a6 9. Nc3 Nf6 10. Qe1 Bg4 11. Qh4 Bxf3 12. Rxf3 Qd7 13. Bd2 h6 14.
Raf1 O-O-O 15. e5 dxe5 16. fxe5 Ng4 17. Rxf7 Bxe5 18. Qxe7 Bd4+ 19. Kh1
Qxe7 20. Rxe7 Nf2+ 21. Kg1 Nh3+ 22. Kh1 Rhf8 23. Rxf8 Rxf8 24. gxh3 Rf1+
25. Kg2 Rf2+ 26. Kg3 Rxd2 27. Ne4 Rxc2 28. Re6 Rxb2 29. Rxg6 Rxa2 30. Rxh6
Ra3 31. h4 Rxd3+ 32. Kg4 Bg1 33. h5 c4 34. Rd6 Bxh2 35. Rxd3 cxd3 36. Kf3
Be5 37. Ke3 Kc7 38. Kxd3 b5 39. Ng5 Kd7 40. Ne4 a5 41. Nc5+ Kc6 42. Ne4 a4
43. Kc2 b4 44. Nd2 Bg7 45. Kb1 Kb5 46. Ka2 Bh6 47. Ne4 b3+ 48. Kb1 a3 0-1

[Event "TCh-FRA Nat1 Final"]
[Site "Belfort FRA"]
[Date "2004.05.09"]
[Round "9"]
[White "Mallet,L"]
[Black "Fruteau,S"]
[Result "0-1"]
[WhiteElo "2082"]
[BlackElo "2120"]
[EventDate "2004.05.01"]

1. e4 e5 2. Nf3 Nc6 3. Bb5 a6 4. Bxc6 dxc6 5. O-O Qd6 6. b3 Bg4 7. h3 Bd7
8. Bb2 f6 9. d4 exd4 10. e5 fxe5 11. Nxe5 O-O-O 12. Nf7 Qd5 13. Nxd8 c5 14.
Nd2 Kxd8 15. Qf3 Nf6 16. Rfe1 Bc6 17. Qxd5+ Nxd5 18. a3 Be7 19. Nc4 Nf4 20.
f3 Rf8 21. Kh2 h5 22. Ne5 Bd5 23. g3 Ne6 24. f4 Bd6 25. h4 Nxf4 26. gxf4
Rxf4 27. Kh3 Rf5 28. c4 Be6 29. Nc6+ Kd7 30. Rxe6 Kxe6 31. Re1+ Kd7 32.
Nb8+ Kd8 33. Bc1 Rf8 34. b4 Kc8 35. bxc5 Bxc5 36. Re5 Bd6 37. Rxh5 Kxb8 38.
Rd5 Bxa3 39. Bxa3 Rf3+ 40. Kg4 Rxa3 41. Rd8+ Ka7 42. Rxd4 Ra1 43. Kf5 Rg1
44. h5 a5 45. c5 b5 46. Ke6 Rg5 47. c6 Rxh5 48. Rg4 Kb6 0-1

[Event "TCh-FRA Nat1 Final"]
[Site "Belfort FRA"]
[Date "2004.05.10"]
[Round "10"]
[White "Grischuk,A"]
[Black "Tkachiev,V"]
[Result "1/2-1/2"]
[WhiteElo "2719"]
[BlackElo "2635"]
[EventDate "2004.05.01"]

1. e4 e5 2. Nf3 Nf6 3. Nxe5 d6 4. Nf3 Nxe4 5. d4 d5 6. Bd3 Bd6 7. O-O O-O
8. c4 c6 9. Re1 Re8 10. cxd5 cxd5 11. Nc3 Nxc3 12. Rxe8+ Qxe8 13. bxc3 Bg4
14. Be3 Qd7 15. Rb1 Nc6 16. h3 Bh5 17. Ne5 Bxd1 18. Nxd7 Ba4 19. Nc5 Bxc5
20. dxc5 Nd8 21. f4 Rc8 22. Kf2 Bc6 23. g4 f6 24. h4 Ne6 25. f5 Nf8 26. c4
Nd7 27. Be2 Ne5 28. cxd5 Bxd5 29. a3 h6 30. Rb4 Kf8 31. Kg3 Re8 32. Kf2 Rc8
33. Kg3 Re8 34. Kf2 1/2-1/2

[Event "TCh-FRA Nat1 Final"]
[Site "Belfort FRA"]
[Date "2004.05.10"]
[Round "10"]
[White "Shirov,A"]
[Black "Adams,Mi"]
[Result "1/2-1/2"]
[WhiteElo "2713"]
[BlackElo "2731"]
[EventDate "2004.05.01"]

1. e4 e5 2. Nf3 Nc6 3. Bb5 a6 4. Ba4 Nf6 5. O-O Be7 6. Re1 d6 7. c3 Bg4 8.
d3 Nd7 9. Nbd2 Nc5 10. h3 Bh5 11. Bc2 Ne6 12. Nf1 Ng5 13. Bxg5 Bxg5 14. Ng3
Bxf3 15. Qxf3 O-O 16. Rad1 Qf6 17. Qe2 g6 18. Nf1 Qg7 19. Nh2 Rad8 20. Nf3
Bf6 21. Qe3 Rd7 22. Ba4 b5 23. Bb3 Re7 24. a4 Rb8 25. axb5 axb5 26. Ra1 Qf8
27. Ra6 Nd8 28. Rea1 b4 29. Ra8 Ne6 30. Rxb8 Qxb8 31. Bd5 Qb5 32. Ra8+ Re8
33. c4 Qd7 34. Bxe6 Qxe6 35. Qa7 c5 36. Rxe8+ Qxe8 37. Kf1 Qd8 38. Ke2 Kg7
39. Qa6 h5 40. Kd1 Bh4 41. Ke2 Be7 42. Kd1 1/2-1/2

[Event "TCh-FRA Nat1 Final"]
[Site "Belfort FRA"]
[Date "2004.05.10"]
[Round "10"]
[White "Bacrot,E"]
[Black "Godena,M"]
[Result "1-0"]
[WhiteElo "2675"]
[BlackElo "2533"]
[EventDate "2004.05.01"]

1. e4 e5 2. Nf3 Nc6 3. Bb5 a6 4. Ba4 Nf6 5. O-O b5 6. Bb3 Bc5 7. a4 Bb7 8.
c3 d6 9. d4 Bb6 10. Bg5 exd4 11. cxd4 h6 12. Bh4 g5 13. Bg3 Nxe4 14. Nc3
Nxc3 15. bxc3 Na5 16. Ba2 Nc4 17. Qd3 Qf6 18. a5 Ba7 19. Rfe1+ Kf8 20. Bxc4
bxc4 21. Qxc4 Qd8 22. Ne5 dxe5 23. Qb4+ Kg8 24. Qxb7 exd4 25. cxd4 Bxd4 26.
Rad1 c5 27. Be5 Qc8 28. Qxc8+ Rxc8 29. Bxh8 Kxh8 30. Re7 Kg7 31. Ra7 Rb8
32. Rxa6 Rb2 33. Rc6 Bxf2+ 34. Kf1 Bd4 35. Rd3 Rf2+ 36. Ke1 Ra2 37. a6 g4
38. Kd1 h5 39. Rd2 Ra3 40. Re2 Ra1+ 41. Kc2 Ra3 42. Re7 Bg1 43. Kb2 Ra5 44.
Kb3 c4+ 45. Kb4 Ra2 46. Re5 Rxg2 47. Rxh5 f6 48. Rxc4 Kg6 49. Rh8 f5 50.
Kb3 Re2 51. Ra4 Re3+ 52. Kc2 Re7 53. Rg8+ Kf7 54. Rb8 Kf6 55. Rb7 Re8 56.
a7 Ra8 57. Ra6+ Kg5 58. Rh7 Kf4 59. Ra3 Be3 60. Rf7 Bg1 61. Rh7 Be3 62. Kd1
Kf3 63. Ke1 f4 64. Kf1 Ke4 65. Re7+ Kf3 66. Rg7 Ke4 67. Rxg4 Rxa7 68. Rxa7
Bxa7 69. Ke2 Bc5 70. h4 Be7 71. h5 Kf5 72. Rg6 Bc5 73. Rc6 Bd4 74. h6 1-0

[Event "TCh-FRA Nat1 Final"]
[Site "Belfort FRA"]
[Date "2004.05.10"]
[Round "10"]
[White "Fontaine,R"]
[Black "Lautier,J"]
[Result "1/2-1/2"]
[WhiteElo "2525"]
[BlackElo "2680"]
[EventDate "2004.05.01"]

1. e4 c5 2. Nf3 Nc6 3. Bb5 e6 4. O-O Nge7 5. c3 d5 6. exd5 Qxd5 7. Re1 Bd7
8. Na3 Ng6 9. Bc4 Qh5 10. Nc2 Be7 11. d4 cxd4 12. Nfxd4 Qxd1 13. Rxd1 O-O
14. Nxc6 Bxc6 15. Nd4 Rfd8 16. Be3 Bd5 17. Be2 Rdc8 18. Bf3 Bxf3 19. Nxf3
b5 20. Rd7 a5 21. a3 b4 22. axb4 axb4 23. Rxa8 Rxa8 24. Ra7 1/2-1/2

[Event "TCh-FRA Nat1 Final"]
[Site "Belfort FRA"]
[Date "2004.05.10"]
[Round "10"]
[White "Vallejo Pons,F"]
[Black "Anic,D"]
[Result "1-0"]
[WhiteElo "2666"]
[BlackElo "2454"]
[EventDate "2004.05.01"]

1. d4 d5 2. c4 c6 3. Nf3 Nf6 4. Nc3 e6 5. e3 Nbd7 6. Qc2 a6 7. b3 Bb4 8. a3
Ba5 9. Bb2 Qe7 10. Bd3 dxc4 11. bxc4 b5 12. O-O bxc4 13. Bxc4 c5 14. Qa4
Bd8 15. d5 O-O 16. dxe6 fxe6 17. Bd3 Bb7 18. Rab1 Bxf3 19. gxf3 Ne5 20. Be2
Bc7 21. f4 Ng6 22. Ne4 Nd5 23. Ng3 Rf7 24. Ba1 Raf8 25. Rb7 Qh4 26. Qe4
Ndxf4 27. exf4 Nxf4 28. Bh5 Nh3+ 29. Kh1 Bxg3 30. Bxf7+ Kh8 31. Qxh4 Bxh4
32. Bxe6 1-0

[Event "TCh-FRA Nat1 Final"]
[Site "Belfort FRA"]
[Date "2004.05.10"]
[Round "10"]
[White "Gozzoli,Y"]
[Black "Nataf,IA"]
[Result "1/2-1/2"]
[WhiteElo "2421"]
[BlackElo "2535"]
[EventDate "2004.05.01"]

1. d4 Nf6 2. c4 g6 3. Nc3 Bg7 4. e4 d6 5. Nf3 O-O 6. Be2 e5 7. O-O Nc6 8.
d5 Ne7 9. b4 Ne8 10. c5 f5 11. Nd2 Nf6 12. a4 Rf7 13. a5 g5 14. Nc4 h6 15.
b5 Nxe4 16. Nxe4 fxe4 17. b6 axb6 18. cxd6 cxd6 19. Nxb6 Rb8 20. Be3 Bf5
21. Bh5 Bg6 22. Bxg6 Nxg6 23. Qa4 Nf4 24. Qxe4 Qf6 25. Rae1 Rbf8 26. g3 Nh5
27. Rc1 Qe7 28. Qb4 Nf6 29. Rc4 e4 30. Qb1 Re8 1/2-1/2

[Event "TCh-FRA Nat1 Final"]
[Site "Belfort FRA"]
[Date "2004.05.10"]
[Round "10"]
[White "Fressinet,L"]
[Black "Chabanon,JL"]
[Result "1/2-1/2"]
[WhiteElo "2638"]
[BlackElo "2456"]
[EventDate "2004.05.01"]

1. e4 c6 2. d4 d5 3. Nc3 dxe4 4. Nxe4 Bf5 5. Ng3 Bg6 6. h4 h6 7. Nf3 Nd7 8.
h5 Bh7 9. Bd3 Bxd3 10. Qxd3 e6 11. Bf4 Qa5+ 12. Bd2 Qc7 13. O-O-O Ngf6 14.
Ne4 Nxe4 15. Qxe4 O-O-O 16. g3 Bd6 17. c4 c5 18. Kb1 Rhe8 19. Bc3 Nf6 20.
Qe2 Qc6 21. Rh4 Rd7 22. Rc1 Red8 23. Ka1 Bc7 24. Ne5 Bxe5 25. dxe5 Nh7 26.
f4 f5 27. Rhh1 Nf8 28. Rhd1 Rxd1 29. Rxd1 Rxd1+ 30. Qxd1 Nd7 31. b3 Qg2 32.
Qd6 Qxg3 33. Kb2 Qg2+ 34. Kb1 Qe4+ 35. Kb2 Qg2+ 36. Kb1 Qe4+ 37. Kb2 Qc6
38. Qxe6 1/2-1/2

[Event "TCh-FRA Nat1 Final"]
[Site "Belfort FRA"]
[Date "2004.05.10"]
[Round "10"]
[White "Sebag,M"]
[Black "Skripchenko,A"]
[Result "1-0"]
[WhiteElo "2398"]
[BlackElo "2456"]
[EventDate "2004.05.01"]

1. e4 c5 2. Nf3 e6 3. d4 cxd4 4. Nxd4 Nf6 5. Nc3 Nc6 6. Nxc6 bxc6 7. e5 Nd5
8. Ne4 f5 9. exf6 Nxf6 10. Nd6+ Bxd6 11. Qxd6 Ba6 12. c4 Qb6 13. Qa3 c5 14.
Be3 Rc8 15. Bd3 O-O 16. O-O Ng4 17. h3 Nxe3 18. fxe3 Bb7 19. Qc3 Qd6 20.
Qc2 Qg3 21. Bxh7+ Kh8 22. Bg6 Rf6 23. Rxf6 gxf6 24. Rd1 Bc6 25. Bd3 Rg8 26.
Bf1 Qxh3 27. Qf2 Qh6 28. Rd3 Rg5 29. Rb3 a5 30. Qf4 Qg6 31. Qh2+ Qh5 32.
Qd6 Kg7 33. Rb8 Qf7 34. b3 a4 35. bxa4 Bxa4 36. Rd8 Bc6 37. e4 Re5 38. Bd3
Kh6 39. Rh8+ Kg7 40. Rb8 Rg5 41. Bc2 Kh7 42. Rf8 Qg7 43. Qh2+ Kg6 44. e5+
f5 45. Rf6+ Qxf6 46. exf6 Rxg2+ 47. Qxg2+ Bxg2 48. Kxg2 Kxf6 49. Kf3 Ke5
50. a4 d5 51. cxd5 exd5 52. Bxf5 c4 53. Bg6 Kd6 54. Be8 Kc5 55. a5 d4 56.
Ke4 c3 57. Kd3 Kd6 58. Bb5 Kc5 59. Ke4 1-0

[Event "TCh-FRA Nat1 Final"]
[Site "Belfort FRA"]
[Date "2004.05.10"]
[Round "10"]
[White "Marzolo,C"]
[Black "Dorfman,J"]
[Result "1/2-1/2"]
[WhiteElo "2409"]
[BlackElo "2602"]
[EventDate "2004.05.01"]

1. d4 d5 2. c4 c6 3. Nf3 Nf6 4. Nc3 dxc4 5. a4 Bf5 6. Ne5 Nbd7 7. Nxc4 Nb6
8. Ne5 a5 9. f3 Nfd7 10. Nxd7 Nxd7 11. e4 Bg6 12. Be3 Qb6 13. Qd2 e5 14.
Rd1 O-O-O 15. d5 Bc5 16. Kf2 f5 17. exf5 Bxf5 18. dxc6 Nf6 19. Qc1 Bxe3+
20. Qxe3 Qxe3+ 21. Kxe3 bxc6 22. Bc4 Kc7 23. Rd2 Rxd2 24. Kxd2 Rd8+ 25. Kc1
Rd4 26. Bb3 Rb4 27. Bc2 Be6 28. Re1 Kd6 29. Rd1+ Rd4 30. Re1 h6 31. b3 Bd5
32. Re3 Rb4 33. Nb1 Nd7 34. Nd2 Nc5 35. Bd1 g5 36. g3 Ne6 37. Kb2 Nd4 38.
Kc3 c5 39. Re1 Rb8 40. Re3 Rf8 41. Kd3 h5 42. Re1 Rh8 43. Rg1 g4 44. fxg4
hxg4 45. Bxg4 Rxh2 46. Bd1 Be6 1/2-1/2

[Event "TCh-FRA Nat1 Final"]
[Site "Belfort FRA"]
[Date "2004.05.10"]
[Round "10"]
[White "Almasi,Z"]
[Black "Bricard,E"]
[Result "1-0"]
[WhiteElo "2631"]
[BlackElo "2450"]
[EventDate "2004.05.01"]

1. e4 c5 2. Nf3 b6 3. d4 cxd4 4. Nxd4 Bb7 5. Nc3 a6 6. Be3 e6 7. Qd2 Qc7 8.
f3 Bb4 9. Nb3 Nf6 10. Qd4 Bxc3+ 11. bxc3 b5 12. Qc5 Nc6 13. O-O-O d5 14.
exd5 Nxd5 15. Rxd5 exd5 16. Bd3 Qe7 17. Qb6 d4 18. Bd2 O-O 19. Re1 Qa3+ 20.
Kb1 dxc3 21. Bc1 Qd6 22. Nc5 Rad8 23. Rd1 Ba8 24. Bxh7+ Kxh7 25. Rxd6 Rxd6
26. Ne4 Rg6 27. Qc5 Rd8 28. Qh5+ Kg8 29. Ng5 Na5 30. Qh7+ Kf8 31. Ba3+ Rgd6
32. Qh8+ Ke7 33. Qxg7 1-0

[Event "TCh-FRA Nat1 Final"]
[Site "Belfort FRA"]
[Date "2004.05.10"]
[Round "10"]
[White "Koch,JR"]
[Black "Bellaiche,A"]
[Result "0-1"]
[WhiteElo "2445"]
[BlackElo "2476"]
[EventDate "2004.05.01"]

1. e4 c5 2. Nf3 Nc6 3. d4 cxd4 4. Nxd4 e6 5. Nc3 Qc7 6. Be2 Nf6 7. Be3 a6
8. O-O Be7 9. f4 d6 10. Qe1 O-O 11. Qg3 Nxd4 12. Bxd4 b5 13. a3 Bb7 14.
Rae1 Rae8 15. Kh1 Bc6 16. Bf3 Kh8 17. Re3 Rd8 18. Rfe1 Rd7 19. Be2 Rg8 20.
Bd3 Nh5 21. Qg4 Nxf4 22. Qxf4 e5 23. Qxf7 Bh4 24. Qf5 g6 25. Qg4 Bxe1 26.
Rxe1 exd4 27. Nd5 Qd8 28. h3 Rf7 29. Kg1 Rgf8 30. Re2 Re8 31. Nb4 Bb7 32.
Rd2 Qf6 33. Rd1 Qe5 34. Kh1 a5 35. Nd5 Bxd5 36. exd5 Qxd5 37. Be2 h5 38.
Bf3 hxg4 39. Bxd5 Rf5 40. Bc6 Ref8 41. hxg4 Rf1+ 42. Rxf1 Rxf1+ 43. Kh2 Rf2
44. Be4 g5 45. Kg3 Rd2 46. Bd3 Kg7 47. Kf3 Kf6 48. b3 Ke5 49. Kg3 Kd5 50.
Kf3 Kc5 51. Ke4 Rf2 52. g3 Rf6 53. b4+ axb4 54. axb4+ Kxb4 55. Kxd4 Rf3 56.
Bf5 Rxg3 57. Kd5 Kc3 58. Kxd6 Rg2 59. Ke5 Rxc2 60. Kf6 b4 61. Be6 Re2 62.
Bg8 b3 63. Bxb3 Kxb3 64. Kxg5 Kc4 65. Kf6 Kd5 66. g5 Kd6 67. g6 Rf2+ 68.
Kg7 Ke7 69. Kh8 Rg2 70. Kg7 Ke6 0-1